| 000 | 01017nam a22002657a 4500 | ||
|---|---|---|---|
| 003 | DO-SdBNP | ||
| 005 | 20211005105838.0 | ||
| 007 | ta | ||
| 008 | 210916e2019 dr a||| 001 0 spa d | ||
| 040 |
_aDO-SdBNP _bspa _cBPMSU |
||
| 082 |
_a618.92 _bG943c 2019 _222 |
||
| 245 | 0 |
_aGuía clínica de las enfermedades pediátricas prevalentes en República Dominicana / _ccompilador Alfre Cruz Hernández ; editor Piero Espinal Estévez ; prólogo Joy Vivoni, |
|
| 260 |
_aSan José de las Matas, República Dominicana : _bOPUS, _c2019 |
||
| 300 |
_a493 p.: _bil, graf.; _c25 cm |
||
| 500 | _aIncluye datos biográficos del compilador en las solapas | ||
| 590 | _aInventariado 2021/VM | ||
| 650 | 4 |
_aEnfermedades infantiles _xTratamiento _vGuías _2 |
|
| 650 | 4 |
_aPediatría _zRepública Dominicana |
|
| 650 | 4 | _aUrgencias pediátricas. | |
| 700 | 1 |
_aCruz Hernández, Alfre , _d 1960- _ecomp. |
|
| 700 | 1 |
_aVivoni, Joy, _epról. |
|
| 700 | 1 |
_aEspinal Estévez, Piero, _eed. |
|
| 910 | _aVMateo V. | ||
| 942 |
_2ddc _cBK |
||
| 999 |
_c13758 _d13758 |
||